MARC

LEADER 00000nam0a2200000 4500
001 4849
005 20231030175248.0
010 |a 5279018414 
035 |a (RuTPU)RU\TPU\book\4874 
035 |a BOOK00004901 
090 |a 4849 
100 |a 20011209d1997 m y0rusy50 ca 
101 0 |a rus 
102 |a RU 
105 |a a j 000zy 
200 1 |a Информатика  |e учебник  |f под ред. Н. В. Макаровой 
210 |a Москва  |c Финансы и статистика  |d 1997 
215 |a 768 с.  |c ил. 
451 1 |0 (RuTPU)RU\TPU\book\23939  |y 5-279-02202-0  |t Информатика  |o учебник  |f Н. В. Макарова [и др.]  |g под ред. Н. В. Макаровой  |e 3-е изд., перераб.  |c М.  |n Финансы и статистика  |d 2000  |p 768 с. 
610 1 |a информатика 
610 1 |a информационные технологии 
610 1 |a программное обеспечение 
610 1 |a персональные компьютеры 
610 1 |a учебники 
675 |a 681.3.01(075.8)  |v 3 
702 1 |a Макарова  |b Н. В.  |4 340 
801 0 |a RU  |b 63413507  |c 20011209  |g PSBO 
801 2 |a RU  |b 63413507  |c 20170327  |g PSBO 
900 |a Информатика 
942 |c BK 
952 |a 510200  |b 030300